00350nam a22001337a 4500003000400000005001700004008004100021020001800062040002300080050001200103082001200115245006400127260002500191OSt20211117151714.0211117b |||||||| |||| 00| 0 eng d a0-8493-3870-0 cHawassa university a664/CRC a664/CRC aCrc handbook of processing and utilization in agriculture  aNew yorkb CRCc1983